<?xml version="1.0" encoding="UTF-8"?>
<record
    xmlns:xsi="http://www.w3.org/2001/XMLSchema-instance"
    xsi:schemaLocation="http://www.loc.gov/MARC21/slim http://www.loc.gov/standards/marcxml/schema/MARC21slim.xsd"
    xmlns="http://www.loc.gov/MARC21/slim">

  <leader>00409nam a22001577a 4500</leader>
  <controlfield tag="005">20180131142228.0</controlfield>
  <controlfield tag="008">160513b        xxu||||| |||| 00| 0 eng d</controlfield>
  <datafield tag="041" ind1=" " ind2=" ">
    <subfield code="a">eng</subfield>
  </datafield>
  <datafield tag="082" ind1=" " ind2=" ">
    <subfield code="b">1871</subfield>
    <subfield code="a">004</subfield>
  </datafield>
  <datafield tag="100" ind1=" " ind2=" ">
    <subfield code="a">Peter Norton</subfield>
    <subfield code="9">553</subfield>
  </datafield>
  <datafield tag="245" ind1=" " ind2=" ">
    <subfield code="a">Introduction to Computers</subfield>
  </datafield>
  <datafield tag="260" ind1=" " ind2=" ">
    <subfield code="a">New Delhi</subfield>
    <subfield code="b">Tata Mc Graw Hill Education P. Ltd., </subfield>
    <subfield code="c">2006</subfield>
  </datafield>
  <datafield tag="300" ind1=" " ind2=" ">
    <subfield code="a">592</subfield>
  </datafield>
  <datafield tag="650" ind1=" " ind2=" ">
    <subfield code="a">Information Technology</subfield>
    <subfield code="9">137</subfield>
  </datafield>
  <datafield tag="942" ind1=" " ind2=" ">
    <subfield code="c">BK</subfield>
  </datafield>
  <datafield tag="999" ind1=" " ind2=" ">
    <subfield code="c">720</subfield>
    <subfield code="d">720</subfield>
  </datafield>
  <datafield tag="952" ind1=" " ind2=" ">
    <subfield code="0">0</subfield>
    <subfield code="1">0</subfield>
    <subfield code="4">0</subfield>
    <subfield code="7">0</subfield>
    <subfield code="8">CS/IT</subfield>
    <subfield code="a">JRU</subfield>
    <subfield code="b">JRU</subfield>
    <subfield code="c">SHELF-48-B</subfield>
    <subfield code="d">2016-05-13</subfield>
    <subfield code="e">PURCHASE</subfield>
    <subfield code="l">0</subfield>
    <subfield code="o">004</subfield>
    <subfield code="p">1871</subfield>
    <subfield code="r">2016-05-13 00:00:00</subfield>
    <subfield code="w">2016-05-13</subfield>
    <subfield code="y">BK</subfield>
  </datafield>
  <datafield tag="952" ind1=" " ind2=" ">
    <subfield code="0">0</subfield>
    <subfield code="1">0</subfield>
    <subfield code="4">0</subfield>
    <subfield code="7">0</subfield>
    <subfield code="8">CS/IT</subfield>
    <subfield code="a">JRU</subfield>
    <subfield code="b">JRU</subfield>
    <subfield code="c">SHELF-48-B</subfield>
    <subfield code="d">2016-05-13</subfield>
    <subfield code="e">PURCHASE</subfield>
    <subfield code="l">0</subfield>
    <subfield code="o">004</subfield>
    <subfield code="p">1872</subfield>
    <subfield code="r">2016-05-13 00:00:00</subfield>
    <subfield code="w">2016-05-13</subfield>
    <subfield code="y">BK</subfield>
  </datafield>
  <datafield tag="952" ind1=" " ind2=" ">
    <subfield code="0">0</subfield>
    <subfield code="1">0</subfield>
    <subfield code="4">0</subfield>
    <subfield code="7">0</subfield>
    <subfield code="8">CS/IT</subfield>
    <subfield code="a">JRU</subfield>
    <subfield code="b">JRU</subfield>
    <subfield code="c">SHELF-48-B</subfield>
    <subfield code="d">2016-05-13</subfield>
    <subfield code="e">PURCHASE</subfield>
    <subfield code="l">0</subfield>
    <subfield code="o">004</subfield>
    <subfield code="p">1873</subfield>
    <subfield code="r">2016-05-13 00:00:00</subfield>
    <subfield code="w">2016-05-13</subfield>
    <subfield code="y">BK</subfield>
  </datafield>
  <datafield tag="952" ind1=" " ind2=" ">
    <subfield code="0">0</subfield>
    <subfield code="1">0</subfield>
    <subfield code="4">0</subfield>
    <subfield code="7">0</subfield>
    <subfield code="8">CS/IT</subfield>
    <subfield code="a">JRU</subfield>
    <subfield code="b">JRU</subfield>
    <subfield code="c">SHELF-57-A</subfield>
    <subfield code="d">2016-05-13</subfield>
    <subfield code="l">0</subfield>
    <subfield code="o">1871</subfield>
    <subfield code="p">1874</subfield>
    <subfield code="r">2016-11-30 00:00:00</subfield>
    <subfield code="w">2016-05-13</subfield>
    <subfield code="y">BK</subfield>
  </datafield>
  <datafield tag="952" ind1=" " ind2=" ">
    <subfield code="0">0</subfield>
    <subfield code="1">0</subfield>
    <subfield code="4">0</subfield>
    <subfield code="7">0</subfield>
    <subfield code="8">CS/IT</subfield>
    <subfield code="a">JRU</subfield>
    <subfield code="b">JRU</subfield>
    <subfield code="c">SHELF-48-B</subfield>
    <subfield code="d">2016-05-13</subfield>
    <subfield code="e">PURCHASE</subfield>
    <subfield code="l">0</subfield>
    <subfield code="o">004</subfield>
    <subfield code="p">1875</subfield>
    <subfield code="r">2016-05-13 00:00:00</subfield>
    <subfield code="w">2016-05-13</subfield>
    <subfield code="y">BK</subfield>
  </datafield>
  <datafield tag="952" ind1=" " ind2=" ">
    <subfield code="0">0</subfield>
    <subfield code="1">0</subfield>
    <subfield code="4">0</subfield>
    <subfield code="7">0</subfield>
    <subfield code="8">CS/IT</subfield>
    <subfield code="a">JRU</subfield>
    <subfield code="b">JRU</subfield>
    <subfield code="c">SHELF-48-B</subfield>
    <subfield code="d">2016-05-13</subfield>
    <subfield code="e">PURCHASE</subfield>
    <subfield code="l">1</subfield>
    <subfield code="o">004</subfield>
    <subfield code="p">1876</subfield>
    <subfield code="r">2024-10-21 14:13:13</subfield>
    <subfield code="s">2024-10-14</subfield>
    <subfield code="w">2016-05-13</subfield>
    <subfield code="y">BK</subfield>
  </datafield>
  <datafield tag="952" ind1=" " ind2=" ">
    <subfield code="0">0</subfield>
    <subfield code="1">0</subfield>
    <subfield code="4">0</subfield>
    <subfield code="7">0</subfield>
    <subfield code="8">CS/IT</subfield>
    <subfield code="a">JRU</subfield>
    <subfield code="b">JRU</subfield>
    <subfield code="c">SHELF-48-B</subfield>
    <subfield code="d">2016-05-13</subfield>
    <subfield code="e">PURCHASE</subfield>
    <subfield code="l">0</subfield>
    <subfield code="o">004</subfield>
    <subfield code="p">1877</subfield>
    <subfield code="r">2016-05-13 00:00:00</subfield>
    <subfield code="w">2016-05-13</subfield>
    <subfield code="y">BK</subfield>
  </datafield>
  <datafield tag="952" ind1=" " ind2=" ">
    <subfield code="0">0</subfield>
    <subfield code="1">0</subfield>
    <subfield code="4">0</subfield>
    <subfield code="7">0</subfield>
    <subfield code="8">CS/IT</subfield>
    <subfield code="a">JRU</subfield>
    <subfield code="b">JRU</subfield>
    <subfield code="c">SHELF-74-J</subfield>
    <subfield code="d">2016-05-13</subfield>
    <subfield code="l">0</subfield>
    <subfield code="o">1871</subfield>
    <subfield code="p">1878</subfield>
    <subfield code="r">2016-05-13 00:00:00</subfield>
    <subfield code="w">2016-05-13</subfield>
    <subfield code="y">BK</subfield>
  </datafield>
  <datafield tag="952" ind1=" " ind2=" ">
    <subfield code="0">0</subfield>
    <subfield code="1">0</subfield>
    <subfield code="4">0</subfield>
    <subfield code="7">0</subfield>
    <subfield code="8">CS/IT</subfield>
    <subfield code="a">JRU</subfield>
    <subfield code="b">JRU</subfield>
    <subfield code="c">SHELF-48-B</subfield>
    <subfield code="d">2016-05-13</subfield>
    <subfield code="e">PURCHASE</subfield>
    <subfield code="l">1</subfield>
    <subfield code="o">004</subfield>
    <subfield code="p">1879</subfield>
    <subfield code="r">2016-08-31 00:00:00</subfield>
    <subfield code="s">2016-08-31</subfield>
    <subfield code="w">2016-05-13</subfield>
    <subfield code="y">BK</subfield>
  </datafield>
  <datafield tag="952" ind1=" " ind2=" ">
    <subfield code="0">0</subfield>
    <subfield code="1">0</subfield>
    <subfield code="4">0</subfield>
    <subfield code="7">0</subfield>
    <subfield code="8">CS/IT</subfield>
    <subfield code="a">JRU</subfield>
    <subfield code="b">JRU</subfield>
    <subfield code="c">SHELF-74-J</subfield>
    <subfield code="d">2016-05-13</subfield>
    <subfield code="l">0</subfield>
    <subfield code="o">1871</subfield>
    <subfield code="p">1880</subfield>
    <subfield code="r">2016-05-13 00:00:00</subfield>
    <subfield code="w">2016-05-13</subfield>
    <subfield code="y">BK</subfield>
  </datafield>
  <datafield tag="952" ind1=" " ind2=" ">
    <subfield code="0">0</subfield>
    <subfield code="1">0</subfield>
    <subfield code="4">0</subfield>
    <subfield code="7">0</subfield>
    <subfield code="8">CS/IT</subfield>
    <subfield code="a">JRU</subfield>
    <subfield code="b">JRU</subfield>
    <subfield code="c">SHELF-48-B</subfield>
    <subfield code="d">2016-05-13</subfield>
    <subfield code="e">PURCHASE</subfield>
    <subfield code="l">0</subfield>
    <subfield code="o">004</subfield>
    <subfield code="p">1881</subfield>
    <subfield code="r">2016-05-13 00:00:00</subfield>
    <subfield code="w">2016-05-13</subfield>
    <subfield code="y">BK</subfield>
  </datafield>
  <datafield tag="952" ind1=" " ind2=" ">
    <subfield code="0">0</subfield>
    <subfield code="1">0</subfield>
    <subfield code="4">0</subfield>
    <subfield code="7">0</subfield>
    <subfield code="8">CS/IT</subfield>
    <subfield code="a">JRU</subfield>
    <subfield code="b">JRU</subfield>
    <subfield code="c">SHELF-48-B</subfield>
    <subfield code="d">2016-05-13</subfield>
    <subfield code="e">PURCHASE</subfield>
    <subfield code="l">0</subfield>
    <subfield code="o">004</subfield>
    <subfield code="p">1882</subfield>
    <subfield code="r">2016-05-13 00:00:00</subfield>
    <subfield code="w">2016-05-13</subfield>
    <subfield code="y">BK</subfield>
  </datafield>
  <datafield tag="952" ind1=" " ind2=" ">
    <subfield code="0">0</subfield>
    <subfield code="1">0</subfield>
    <subfield code="4">0</subfield>
    <subfield code="7">0</subfield>
    <subfield code="8">CS/IT</subfield>
    <subfield code="a">JRU</subfield>
    <subfield code="b">JRU</subfield>
    <subfield code="c">SHELF-48-B</subfield>
    <subfield code="d">2016-05-13</subfield>
    <subfield code="e">PURCHASE</subfield>
    <subfield code="l">0</subfield>
    <subfield code="o">004</subfield>
    <subfield code="p">1883</subfield>
    <subfield code="r">2016-05-13 00:00:00</subfield>
    <subfield code="w">2016-05-13</subfield>
    <subfield code="y">BK</subfield>
  </datafield>
  <datafield tag="952" ind1=" " ind2=" ">
    <subfield code="0">0</subfield>
    <subfield code="1">0</subfield>
    <subfield code="4">0</subfield>
    <subfield code="7">0</subfield>
    <subfield code="8">CS/IT</subfield>
    <subfield code="a">JRU</subfield>
    <subfield code="b">JRU</subfield>
    <subfield code="c">SHELF-48-B</subfield>
    <subfield code="d">2016-05-13</subfield>
    <subfield code="e">PURCHASE</subfield>
    <subfield code="l">2</subfield>
    <subfield code="m">1</subfield>
    <subfield code="o">004</subfield>
    <subfield code="p">1884</subfield>
    <subfield code="r">2023-11-03 11:12:41</subfield>
    <subfield code="s">2023-10-03</subfield>
    <subfield code="w">2016-05-13</subfield>
    <subfield code="y">BK</subfield>
  </datafield>
  <datafield tag="952" ind1=" " ind2=" ">
    <subfield code="0">0</subfield>
    <subfield code="1">0</subfield>
    <subfield code="4">0</subfield>
    <subfield code="7">0</subfield>
    <subfield code="8">CS/IT</subfield>
    <subfield code="a">JRU</subfield>
    <subfield code="b">JRU</subfield>
    <subfield code="c">SHELF-48-B</subfield>
    <subfield code="d">2016-05-13</subfield>
    <subfield code="e">PURCHASE</subfield>
    <subfield code="l">4</subfield>
    <subfield code="m">2</subfield>
    <subfield code="o">004</subfield>
    <subfield code="p">1885</subfield>
    <subfield code="r">2019-10-23 00:00:00</subfield>
    <subfield code="s">2019-10-22</subfield>
    <subfield code="w">2016-05-13</subfield>
    <subfield code="y">BK</subfield>
  </datafield>
  <datafield tag="952" ind1=" " ind2=" ">
    <subfield code="0">0</subfield>
    <subfield code="1">0</subfield>
    <subfield code="4">0</subfield>
    <subfield code="7">0</subfield>
    <subfield code="8">CS/IT</subfield>
    <subfield code="a">JRU</subfield>
    <subfield code="b">JRU</subfield>
    <subfield code="c">SHELF-48-B</subfield>
    <subfield code="d">2016-05-13</subfield>
    <subfield code="e">PURCHASE</subfield>
    <subfield code="l">0</subfield>
    <subfield code="o">004</subfield>
    <subfield code="p">1886</subfield>
    <subfield code="r">2016-05-13 00:00:00</subfield>
    <subfield code="w">2016-05-13</subfield>
    <subfield code="y">BK</subfield>
  </datafield>
</record>
